Welcome to CU Library Online Public Access Catalogue (OPAC)

INTRODUCTION TO TOURISM AND HOTEL INDUSTRY; (Record no. 5976)

MARC details
000 -LEADER
fixed length control field 00417nam a22001337a 4500
005 - DATE AND TIME OF LATEST TRANSACTION
control field 20250526170622.0
008 - FIXED-LENGTH DATA ELEMENTS--GENERAL INFORMATION
fixed length control field 250526b |||||||| |||| 00| 0 eng d
020 ## - INTERNATIONAL STANDARD BOOK NUMBER
International Standard Book Number G155
Qualifying information ZUL
100 ## - MAIN ENTRY--PERSONAL NAME
Personal name ZULFIKAR, MOHAMMED
245 ## - TITLE STATEMENT
Title INTRODUCTION TO TOURISM AND HOTEL INDUSTRY;
Remainder of title WITH SPECIAL FOCUS ON FRONT OFFICE MANAGEMENT
260 ## - PUBLICATION, DISTRIBUTION, ETC.
Place of publication, distribution, etc. NEW DELHI
Name of publisher, distributor, etc. VIKAS PUBLISHING HOUSE PVT. LTD.
Date of publication, distribution, etc. 1998
300 ## - PHYSICAL DESCRIPTION
Extent 241p
942 ## - ADDED ENTRY ELEMENTS (KOHA)
Source of classification or shelving scheme Library of Congress Classification
Koha item type Books
Suppress in OPAC No
999 ## -
-- 5976
-- 5976
Holdings
Withdrawn status Lost status Source of classification or shelving scheme Damaged status Not for loan Collection Home library Current library Shelving location Date acquired Total checkouts Full call number Barcode Date last seen Copy number Price effective from Koha item type
    Library of Congress Classification     Non-fiction Undergraduate Library (Christ Temple) Undergraduate Library (Christ Temple) General stacks 05/26/2025   G155 ZUL ulct00002664 05/26/2025 1 05/26/2025 Books
© 2023-2024 Copyright: Central University Libraries. All Rights Reserved | Created by: Mahone Tech Office